Jurisprudencia destacada en "Perspectivas jurídicas y desafíos en el ámbito de la salud" / (Registro nro. 5362)
[ vista simple ]
| 000 -LEADER | |
|---|---|
| fixed length control field | 01575nab a22003017a 4500 |
| 003 - CONTROL NUMBER IDENTIFIER | |
| control field | OSt |
| 005 - DATE AND TIME OF LATEST TRANSACTION | |
| control field | 20250225215738.0 |
| 008 - FIXED-LENGTH DATA ELEMENTS--GENERAL INFORMATION | |
| fixed length control field | 190603e xxum|||| |||| 00| 0 spa d |
| 040 ## - CATALOGING SOURCE | |
| Transcribing agency | PJ-TDF |
| 100 ## - MAIN ENTRY--PERSONAL NAME | |
| 9 (RLIN) | 6397 |
| Personal name | Reátegui Hehn, Elia |
| 245 10 - TITLE STATEMENT | |
| Title | Jurisprudencia destacada en "Perspectivas jurídicas y desafíos en el ámbito de la salud" / |
| Statement of responsibility, etc | Elia Reátegui Hehn. |
| 260 ## - PUBLICATION, DISTRIBUTION, ETC. (IMPRINT) | |
| Date of publication, distribution, etc | Ciudad Autónoma de Buenos Aires : |
| Place of publication, distribution, etc | Thomson Reuters La Ley, |
| Name of publisher, distributor, etc | 2024. |
| 300 ## - PHYSICAL DESCRIPTION | |
| Extent | p. 44-48 |
| 500 ## - GENERAL NOTE | |
| General note | Cita: TR LALEY AR/DOC/2917/2024.<br/> |
| 505 ## - FORMATTED CONTENTS NOTE | |
| Formatted contents note | Sumario: I. DNU 70/2023.— II. Personas con discapacidad.— III. Cobertura de medicamentos.— IV. Cobertura de prestaciones.— V. Prestadores ajenos a la obra social.— VI. Persona transgénero.— VII. Internación involuntaria de personas.— VIII. Responsabilidad del establecimiento que brinda servicios de salud.— IX. Afiliación a obra social.— X. Vacunación obligatoria. |
| 505 ## - FORMATTED CONTENTS NOTE | |
| Title | ¿Te interesa el texto completo? Solicitalo al correo: koha@justierradelfuego.gov.ar |
| 650 #0 - SUBJECT ADDED ENTRY--TOPICAL TERM | |
| 9 (RLIN) | 1253 |
| Topical term or geographic name as entry element | DERECHO A LA SALUD |
| 650 #0 - SUBJECT ADDED ENTRY--TOPICAL TERM | |
| 9 (RLIN) | 200 |
| Topical term or geographic name as entry element | DECRETOS DE NECESIDAD Y URGENCIA |
| 650 #0 - SUBJECT ADDED ENTRY--TOPICAL TERM | |
| 9 (RLIN) | 3271 |
| Topical term or geographic name as entry element | PERSONAS CON DISCAPACIDAD |
| 650 #0 - SUBJECT ADDED ENTRY--TOPICAL TERM | |
| 9 (RLIN) | 4613 |
| Topical term or geographic name as entry element | COBERTURA MEDICA |
| 650 #0 - SUBJECT ADDED ENTRY--TOPICAL TERM | |
| Topical term or geographic name as entry element | OBRAS SOCIALES |
| 9 (RLIN) | 1408 |
| 650 #0 - SUBJECT ADDED ENTRY--TOPICAL TERM | |
| Topical term or geographic name as entry element | MEDICINA PREPAGA |
| 9 (RLIN) | 3273 |
| 650 #0 - SUBJECT ADDED ENTRY--TOPICAL TERM | |
| Topical term or geographic name as entry element | MEDICAMENTOS |
| 9 (RLIN) | 5612 |
| 650 #0 - SUBJECT ADDED ENTRY--TOPICAL TERM | |
| Topical term or geographic name as entry element | CONSTITUCIONALIDAD |
| 9 (RLIN) | 4597 |
| 650 #0 - SUBJECT ADDED ENTRY--TOPICAL TERM | |
| Topical term or geographic name as entry element | JURISPRUDENCIA APLICABLE |
| 9 (RLIN) | 1057 |
| 773 0# - HOST ITEM ENTRY | |
| Host Biblionumber | 2713 |
| Host Itemnumber | 3170 |
| Place, publisher, and date of publication | Ciudad Autónoma de Buenos Aires : Thomson Reuters La Ley, 2015- |
| Title | Revista Código Civil y Comercial. Nº 6 - Diciembre 2024 |
| 942 ## - ADDED ENTRY ELEMENTS (KOHA) | |
| Source of classification or shelving scheme | |
| Koha item type | Analítica Artículo de Revista |
No hay ítems disponibles.
